000 00497nam a2200193 i 4500
001 bg
100 1 _aKAWALEC, Mieczysław
245 0 _aLaboratorium z podstaw skrawania /
_cM. Kawalec, J. Kodym, M. Jankowiak.
260 _aPoznań,
_c1975.
650 9 _aSkrawanie
655 _aĆwiczenia i zadania
700 1 _aKODYM, Jerzy
700 1 _aJANKOWIAK, Marian
040 _cBPK
041 _apol
080 _a621.9(075.8)(076)
942 _cKS
008 s pl f |000 0 pol
999 _c3763
_d3763
856 _uhttp://koha.tu.koszalin.pl/cgi-bin/koha/opac-detail.pl?biblionumber=3763
_yKatalog online BPK